Fundamentals of Financial Management / (Record no. 5224)
[ view plain ]
| 000 -LEADER | |
|---|---|
| fixed length control field | 01046cam a22003255a 4500 |
| 005 - DATE AND TIME OF LATEST TRANSACTION | |
| control field | 20201128013313.0 |
| 006 - FIXED-LENGTH DATA ELEMENTS--ADDITIONAL MATERIAL CHARACTERISTICS--GENERAL INFORMATION | |
| fixed length control field | a||||fr|||| 00| 0 |
| 008 - FIXED-LENGTH DATA ELEMENTS--GENERAL INFORMATION | |
| fixed length control field | 090124t2001 xxua|||frb||| 001 0 eng d |
| 010 ## - LIBRARY OF CONGRESS CONTROL NUMBER | |
| LC control number | 2002113162 |
| 020 ## - INTERNATIONAL STANDARD BOOK NUMBER | |
| International Standard Book Number | 0030314615 |
| 020 ## - INTERNATIONAL STANDARD BOOK NUMBER | |
| International Standard Book Number | 003031481X (CD-ROM) |
| 020 ## - INTERNATIONAL STANDARD BOOK NUMBER | |
| International Standard Book Number | 9780030314612 |
| 035 ## - SYSTEM CONTROL NUMBER | |
| System control number | (DLC) 2002113162 |
| 040 ## - CATALOGING SOURCE | |
| Original cataloging agency | EG-ScBUE |
| Language of cataloging | eng |
| Transcribing agency | EG-ScBUE |
| 082 04 - DEWEY DECIMAL CLASSIFICATION NUMBER | |
| Classification number | 658.15 |
| Item number | BRI |
| Edition number | 22 |
| 100 1# - MAIN ENTRY--PERSONAL NAME | |
| Personal name | Brigham, Eugene F., |
| 245 10 - TITLE STATEMENT | |
| Title | Fundamentals of Financial Management / |
| Statement of responsibility, etc | Eugene F Brigham; Joel F Houston |
| 250 ## - EDITION STATEMENT | |
| Edition statement | 9th ed. |
| 260 ## - PUBLICATION, DISTRIBUTION, ETC. (IMPRINT) | |
| Place of publication, distribution, etc | Fort Worth : |
| Name of publisher, distributor, etc | Harcourt College Publishers, |
| Date of publication, distribution, etc | c.2001. |
| 300 ## - PHYSICAL DESCRIPTION | |
| Extent | 1 v. (various pagings) : |
| Other physical details | ill. ; |
| Dimensions | 26 cm. + |
| Accompanying material | 1 CD-ROM (4 3/4 in.) |
| 490 ## - Series Statement | |
| Series statement | The harcourt college publishers series in finance. |
| 500 ## - GENERAL NOTE | |
| General note | Include index. |
| 504 ## - BIBLIOGRAPHY, ETC. NOTE | |
| Bibliography, etc | Includes bibliographical references. |
| 590 ## - LOCAL NOTE (RLIN) | |
| Local note | doaa mohamed |
| 650 #0 - SUBJECT ADDED ENTRY--TOPICAL TERM | |
| Topical term or geographic name as entry element | Corporations |
| General subdivision | Finance. |
| Source of heading or term | BUEsh |
| 651 ## - SUBJECT ADDED ENTRY--GEOGRAPHIC NAME | |
| Source of heading or term | BUEsh |
| 653 ## - INDEX TERM--UNCONTROLLED | |
| Resource For college | BAEPS, Economics |
| 700 ## - ADDED ENTRY--PERSONAL NAME | |
| Personal name | Houston, Joel F. |
| 9 (RLIN) | 1832 |
| 942 ## - ADDED ENTRY ELEMENTS (KOHA) | |
| Item type | Book - Borrowing |
| Call number prefix | 658.15BRI |
| Source of classification or shelving scheme | Dewey Decimal Classification |
| Withdrawn status | Item status | Source of classification or shelving scheme | Damaged status | Not for loan | Vendor | Home library | Current library | Shelving location | Date acquired | Source of acquisition | Total Checkouts | Full call number | Barcode | Date last seen | Date last borrowed | Koha item type | Cost, normal purchase price | Serial Enumeration / chronology | Total Renewals | Materials specified (bound volume or other part) |
|---|---|---|---|---|---|---|---|---|---|---|---|---|---|---|---|---|---|---|---|---|
| Dewey Decimal Classification | Alahram | Central Library | Central Library | First floor | 22/10/2007 | 2 | 658.15 BRI | 000006360 | 15/07/2025 | 26/05/2016 | Book - Borrowing | |||||||||
| Dewey Decimal Classification | Alahram | Central Library | Central Library | First floor | 24/01/2009 | 2 | 658.15 BRI | 000015047 | 15/07/2025 | 27/02/2022 | Book - Borrowing | 124.00 | 6382 | 15 | ||||||
| Lost | Dewey Decimal Classification | Central Library | Central Library | First floor | 11/07/2011 | 658.15 BRI | 000011101 | 24/08/2022 | Book - Borrowing | Lost_In_Inventory_12-2-2024 | ||||||||||
| Dewey Decimal Classification | Central Library | Central Library | First floor | 11/07/2011 | 658.15 BRI | 000008211 | 24/08/2022 | CD | DVD - With book (NB) | ||||||||||||
| Dewey Decimal Classification | Central Library | Central Library | First floor | 13/08/2015 | Purchase | 658.15 BRI | 000039696 | 24/08/2022 | CD | DVD - With book | |||||||||||
| Dewey Decimal Classification | Central Library | Central Library | First floor | 16/08/2015 | Purchase | 658.15 BRI | 000011317 | 15/07/2025 | NB - Book (Non borrowing) |